| 000 | 00717cam a2200205 a 4500 | ||
|---|---|---|---|
| 001 | 2030623 | ||
| 005 | 20241203133653.0 | ||
| 008 | 920131s1993 nyuab b 000 0 eng | ||
| 020 | _a9780023788116 | ||
| 050 | 0 | 0 |
_aQE38 _b.F66 1993 |
| 082 | 0 | 0 |
_a550 _220 |
| 100 | 1 | _aFoley, Duncan. | |
| 245 | 1 | 0 |
_aInvestigations in environmental geology / _cDuncan Foley, Garry D. McKenzie, Russell O. Utgard. |
| 260 |
_aNew York : _bMacmillan ; _aToronto : _bMaxwell Macmillan Canada ; _aNew York : _bMaxwell Macmillan International, _cc1993. |
||
| 300 |
_avii, 304 p. : _bill., maps (some col.) ; _c28 cm. |
||
| 650 | 0 | _aEnvironmental geology. | |
| 700 | 1 | _aMcKenzie, Garry D. | |
| 700 | 1 | _aUtgard, Russell O. | |
| 942 |
_2lcc _cBK _n0 |
||
| 999 |
_c1947 _d1947 |
||